Cucina Rustica: simple, irresistible recipes in the Rustic Italian style (Record no. 142695)

MARC details
000 -LEADER
fixed length control field 00584nam a2200181Ia 4500
008 - FIXED-LENGTH DATA ELEMENTS--GENERAL INFORMATION
fixed length control field 191130s1990##################000#0#eng##
020 ## - INTERNATIONAL STANDARD BOOK NUMBER
ISBN 9780060935115
082 ## - DEWEY DECIMAL CLASSIFICATION NUMBER
Classification number 641.5945 LA
100 ## - MAIN ENTRY--AUTHOR NAME
Personal name La Place, Viana
245 ## - TITLE STATEMENT
Title Cucina Rustica: simple, irresistible recipes in the Rustic Italian style
Statement of responsibility, etc Viana La Place and Evan Kleiman ; illustrations by Ann Field
260 ## - PUBLICATION, DISTRIBUTION, ETC. (IMPRINT)
Place of publication New York
Name of publisher W. Morrow
Year of publication 1990
300 ## - PHYSICAL DESCRIPTION
Number of Pages 385 p. : ill. ; 21 cm
650 ## - SUBJECT ADDED ENTRY--TOPICAL TERM
Topical Term Cooking, Italian
991 ## -
-- 314010
Holdings
Withdrawn status Lost status Damaged status Not for loan Home library Current library Shelving location Date acquired Full call number Accession Number Price effective from Koha item type
        Anna Centenary Library Anna Centenary Library 6TH FLOOR, A WING 12.10.2020 641.5945 LA 468141 12.10.2020 English Books

Find us on the map